000
00320nam a2200145Ia 4500
008
230917s9999||||xx |||||||||||||| ||und||
040
_e
242787
_a
MAIN
041
_a
English
082
_a
512.5 A59P
100
_a
Anju
245
0
_a
Primitive Idempotents in R16p'
260
_c
2016
300
_a
99 p.
942
_c
TH
999
_c
127571
_d
127571